| 000 | 00769cab a22001935a 4500 | ||
|---|---|---|---|
| 001 | L154688 | ||
| 008 | 120112e20120107xxk 000 0 eng d | ||
| 035 | _a(Sirsi) u154688 | ||
| 041 | 0 | _aeng | |
| 100 | 1 | _aAshman, Kevin | |
| 245 | 0 | 2 | _aA cause for confusion once more |
| 260 | _c2012 | ||
| 490 |
_aEstates Gazette _v(1201) 7 January 2012, 52(1) |
||
| 520 | _aHM Revenue and Customs (HMRC) has issued new guidance on Stamp Duty Land Tax (SDLT) on land exchanges in the Stamp Taxes Bulletin 2/2011. Notes that this guidance seems to have caused some confusion and legislating and curbing the effects of this guidance has led to uncertainty in the law's application. | ||
| 590 | _aKA | ||
| 651 | 4 |
_aUnited Kingdom _y |
|
| 690 | _aFinance and taxation | ||
| 942 | _n0 | ||
| 999 |
_c83706 _d83706 |
||